Sports Quiz

Random Sports or NFL Quiz

NFL Passing TD Leaders Quiz Stats

 Plays Quiz Updated Jan 4, 2021

Support Sporcle.
Go Orange.
Score 0/20 Timer 05:00
6 Plays Today
TDs Quarterback % Correct
539Peyton Manning
96.7%
581Tom Brady
96.4%
508Brett Favre
95.6%
420Dan Marino
90.7%
571Drew Brees
89.9%
421Phillip Rivers
84.9%
273Joe Montana
82.1%
396Ben Roethlisberger
78.5%
300John Elway
78%
347Matt Ryan
75.1%
TDs Quarterback % Correct
267Russell Wilson
74.8%
282Matthew Stafford
73.4%
291Warren Moon
62.1%
290Johnny Unitas
59.3%
366Eli Manning
57.5%
275Vinny Testaverde
47.9%
342Fran Tarkenton
47.8%
412Aaron Rodgers
38%
261Dave Krieg
16.1%
294Carson Palmer
14.6%

From the Vault

'EL' or 'LE'?

by nspyred

Spelling definitely matters in this quiz.
Remove Ads.
Support Sporcle.
Get the best of Sporcle when you Go Orange. This ad-free experience offers more features, more stats, and more fun while also helping to support Sporcle. Thank you for becoming a member.

Show Comments

Extras

Top Quizzes Today


Score Distribution

Your Account Isn't Verified!

In order to create a playlist on Sporcle, you need to verify the email address you used during registration. Go to your Sporcle Settings to finish the process.

Report this User

Report this user for behavior that violates our Community Guidelines.

Details: